| 000 | 00938cab a2200277 4500 | ||
|---|---|---|---|
| 001 | ABS58240 | ||
| 008 | 090401t1998 xxu||||| |||| 00| 0 eng d | ||
| 035 | _a(Sirsi) u83591 | ||
| 041 | _aeng | ||
| 100 | _aCarpenter, A. | ||
| 245 | _aBulk delivery | ||
| 260 | _c1998 | ||
| 350 | _a0 | ||
| 490 |
_aProperty Week _v61(4) 30 January 1998, 36-38(3) |
||
| 520 | _aA review of the auctions market during 1997. Considers why the commercial auctions sector is dominated by investors from London and the south-east and assesses the impact of a shortage of properties on the residential market. Tables giving a regional breakdown of the market. | ||
| 650 | _aAUCTION MARKET | ||
| 650 | _aCOMMERCIAL AUCTIONS | ||
| 650 | _aINVESTMENT MARKET | ||
| 650 | _aLONDON | ||
| 650 |
_aAuctioneering _96218 |
||
| 650 |
_aAuctioneering _96218 |
||
| 650 | _aSOUTH EAST | ||
| 690 |
_aAuctioneering _96218 |
||
| 942 | _n0 | ||
| 948 | _c09/02/1998 | ||
| 999 |
_c52808 _d52808 |
||